Statistics for WW2 Vehicles by Picture

Click here to take the quiz!

General Stats

  • This quiz has been taken 210 times
  • The average score is 11 of 15

Answer Stats

Answer% Correct
Spitfire
96%
P-38
95%
P-47
95%
P-51
95%
B-17
94%
B-25
94%
Me-262
88%
Sherman
82%
T34
80%
Hurricane
65%
Lancaster
63%
F4U
57%
IL-2
55%
Messerschmitt
27%
Pz IV
14%

Score Distribution

Percentile by Number Answered

Percent of People with Each Score

Your Score History

You have not taken this quiz